U.S. States I Want to Visit Most - Statistics

General Stats
  • This quiz has been taken 21 times
  • The average score is 7 of 10
Answer Stats
Rank State % Correct
2 New York
90%
4 Illinois
80%
1 Alaska
75%
5 Georgia
70%
7 Massachusetts
65%
8 Utah
65%
3 Colorado
60%
9 North Carolina
60%
6 Louisiana
55%
10 Minnesota
45%
No matching quizzes found
Score Distribution
Percent of People with Each Score
Percentile by Number Answered
Your Score History
You have not taken this quiz